000 00483nam a2200169Ia 4500
008 240729s9999 xx 000 0 und d
022 _a2232-4968
245 0 _aLogistics & Sustainable Transport
260 _aPoland
260 _bSciendo
650 _a Engineering (General). Civil engineering (General)
650 _a Transportation engineering
650 _aTechnology
856 _uhttps://doaj.org/toc/a4068e6d039b49dbb1d29ac0657e5576
942 _2ddc
942 _cDOAJEJ
999 _c73294
_d73294
945 _a1
_bMadushi Gamage
_c1
_dMadushi Gamage